La vie étrange de l'argot / (Record no. 52258)
[ view plain ]
| 000 -LEADER | |
|---|---|
| campo de control de longitud fija | 00769nam a2200169 i 4500 |
| 001 - NÚMERO DE CONTROL | |
| campo de control | 52258 |
| 003 - IDENTIFICADOR DE NÚMERO DE CONTROL | |
| campo de control | ES-MaACL |
| 005 - FECHA Y HORA DE LA ÚLTIMA TRANSACCIÓN | |
| campo de control | 20230906162543.0 |
| 007 - CAMPO FIJO DE DESCRIPCIÓN FÍSICA--INFORMACIÓN GENERAL | |
| campo de control de longitud fija | t| |
| 008 - DATOS DE LONGITUD FIJA--INFORMACIÓN GENERAL | |
| campo de control de longitud fija | 030827s1931 fr ||||1| fre d |
| 100 1# - ENTRADA PRINCIPAL--NOMBRE DE PERSONA | |
| Nombre de persona | Chautard, Emile. |
| 9 (RLIN) | 38214 |
| 245 13 - MENCIÓN DEL TÍTULO | |
| Título | La vie étrange de l'argot / |
| Mención de responsabilidad, etc. | Émile Chautard ; ouvrage illustré de 124 documents, lettres, autographes, portraits, dessins et photographies de Atget, Collot, Dignimont, A. Dürer, Forain, Gavarni, Gill, Hubert Robert, G. Krull, E. Lotar, H. Manuel, Henri Monnier, A. Morand, Robida, Toulouse-Lautrec, Steinlen, etc. |
| 260 ## - PUBLICACIÓN, DISTRIBUCIÓN, ETC. | |
| Lugar de publicación, distribución, etc. | Paris : |
| Nombre del editor, distribuidor, etc. | Denoël et Steele, |
| Fecha de publicación, distribución, etc. | 1931 ( |
| Fabricante | G. Thone) |
| 300 ## - DESCRIPCIÓN FÍSICA | |
| Extensión | XIV, 720 p. : |
| Otras características físicas | il. ; |
| Dimensiones | 25 cm. |
| 650 04 - PUNTO DE ACCESO ADICIONAL DE MATERIA--TÉRMINO DE MATERIA | |
| Término de materia o nombre geográfico como elemento de entrada | Lengua francesa- |
| Subdivisión general | Argots y jergas. |
| 9 (RLIN) | 14200 |
| 852 ## - LOCALIZACIÓN | |
| Ubicación | ES-MaACL |
| Número de control de estantería | A-2345 |
| Estatus retirado | Estado de pérdida | Estado de daño | No para préstamo | Biblioteca de origen | Biblioteca actual | Ubicación en estantería | Fecha de adquisición | Fuente de adquisición | Total de préstamos | Signatura topográfica completa | Código de barras | Visto por última vez | Precio de reemplazo | Tipo de ítem Koha |
|---|---|---|---|---|---|---|---|---|---|---|---|---|---|---|
| Biblioteca del Ateneo de Madrid | Biblioteca del Ateneo de Madrid | Sala Pecera Planta 1 | 17/01/2008 | A-2345 | 1054937 | 23/02/2023 | 23/02/2023 | Libro impreso |
